| 000 | 00414nam a22001217a 4500 | ||
|---|---|---|---|
| 999 |
_c67413 _d67410 |
||
| 100 |
_aYumna Sikander _a17MSIT21 _aSupervisor - Dr Adnan Ahmed Arain |
||
| 245 | _aComparative Analysis of Routing Protocols for Underwater Sensor Networks (ME Thesis) | ||
| 260 |
_aNawabshah _bQUEST _c2021 |
||
| 300 | _a37p. | ||
| 700 | _adepartment of Information Technology | ||
| 856 | _uhttp://tinyurl.com/5f26tjce | ||
| 942 | _cTHESIS | ||